Reactivity Series - Statistics

General Stats
  • This quiz has been taken 378 times
  • The average score is 6 of 13
Answer Stats
Hint Answer % Correct
1-Most Reactive Potassium
98%
2 Sodium
87%
3 Lithuim
53%
4 Calcium
45%
5 Magnesium
45%
13-Least Reactive Gold
41%
7 Carbon
40%
9 Iron
40%
6 Aluminium
39%
12 Silver
38%
8 Zinc
36%
11 Copper
33%
10 Hydrogen
27%
No matching quizzes found
Score Distribution
Percent of People with Each Score
Percentile by Number Answered
Your Score History
You have not taken this quiz